00617pab a2200193 454500008004000000100001800040245012300058260000900181300001300190362001200203650000900215650002400224650001100248773002100259908000600280909001100286999001900297952010700316180718b2014 xxu||||| |||| 00| 0 eng d aGin, Ooi Keat aBetween home land and Ummah: R-visiting the 1915 Singapore mutiny of the 5th light infantry regiment of the Indian arm c2014 ap.85-94. aJul-Aug aArmy aIndia. Armed forces aMutiny aSocial Scientist aN a105175 c105170d105170 00104070aIIPAbIIPAd2018-07-19hVolume no: 42, Issue no: 7-8pAR105635r2018-07-19w2018-07-19yAR